书目信息 |
| 题名: |
机械常识与钳工技能
|
|
| 作者: | 牛金生 专业主编 ;王炳荣 主编 | |
| 分册: | ||
| 出版信息: | 北京 电子工业出版社 2002 |
|
| 页数: | 184页 | |
| 开本: | 26cm | |
| 丛书名: | ||
| 单 册: | ||
| 中图分类: | TH11-43 , TG9-43 | |
| 科图分类: | ||
| 主题词: | 机械学--中等专业教育--教材 , 钳工--中等专业教育--教材 | |
| 电子资源: | ||
| ISBN: | 7-5053-7196-7 | |
| 000 | 00976n|m0 2200289 450 | |
| 001 | 0102586508 | |
| 005 | 20121109170000.0 | |
| 010 | @a7-5053-7196-7@dCNY15.00 | |
| 011 | @a7-5053-7196-7 | |
| 100 | @a20020702d2002 em y0chiy0110 ea | |
| 101 | 0 | @achi |
| 102 | @aCN@b110000 | |
| 105 | @ay z 000yy | |
| 135 | @adrbn ---auuuu | |
| 200 | 1 | @a机械常识与钳工技能@9Ji Xie Chang Shi;Zhi Yu Qian Gong Ji Neng @f牛金生专业主编@b电子资源.图书@g王炳荣主编 |
| 210 | @a北京@c电子工业出版社@d2002 | |
| 215 | @a184页@d26cm | |
| 325 | @a电子复制品 | |
| 330 | @a本书包括“机械常识”和“钳工技能”两部分内容,共分四章“机械制图”、“常用工程材料”、“常用机械传动”、“钳工技能”。 | |
| 606 | 0 | @a机械学@x中等专业教育@j教材 |
| 606 | 0 | @a钳工@x中等专业教育@j教材 |
| 690 | @aTH11-43@v4 | |
| 690 | @aTG9-43@v4 | |
| 701 | 0 | @a牛金生@9niu jin sheng@4专业主编 |
| 702 | 0 | @a王炳荣@9wang bing rong@4主编 |
| 801 | 0 | @aCN@bAZmarc@c20230903 |
| 905 | @dTH11-43@e2@f2@sTH11-43/2@aBZT | |
| 机械常识与钳工技能/牛金生专业主编[电子资源.图书]/王炳荣主编.-北京:电子工业出版社,2002 |
| 184页;26cm |
| ISBN 7-5053-7196-7:CNY15.00 |
| 本书包括“机械常识”和“钳工技能”两部分内容,共分四章“机械制图”、“常用工程材料”、“常用机械传动”、“钳工技能”。 |
| ● |
| 相关链接 |
|
|
|
正题名:机械常识与钳工技能
索取号:TH11-43/2
 
预约/预借
| 序号 | 登录号 | 条形码 | 馆藏地/架位号 | 状态 | 备注 |
| 1 | 2000059653 | 2000059653 | 旧书回溯/ [索取号:TH11-43/2] | 在馆 | |
| 2 | 2000146352 | 2000146352 | 旧书回溯/ [索取号:TH11-43/2] | 在馆 |